50 Biggest Cities in Chūbu Region - Statistics

General Stats
  • This quiz has been taken 76 times
  • The average score is 33 of 50
Answer Stats
Rank Population Prefecture Answer % Correct
8 402,742 Gifu Gifu
100%
1 2,333,406 Aichi Nagoya
100%
3 789,715 Niigata Niigata
100%
4 693,759 Shizuoka Shizuoka
100%
7 414,171 Toyama Toyama
100%
15 262,501 Fukui Fukui
97%
2 791,155 Shizuoka Hamamatsu
97%
5 463,583 Ishikawa Kanazawa
97%
11 373,251 Nagano Nagano
97%
6 422,511 Aichi Toyota
90%
9 384,805 Aichi Okazaki
87%
16 245,489 Shizuoka Fuji
81%
12 372,134 Aichi Toyohashi
81%
18 189,742 Yamanashi Kōfu
77%
17 241,337 Nagano Matsumoto
77%
14 267,115 Niigata Nagaoka
77%
21 188,119 Niigata Jōetsu
71%
40 107,851 Shizuoka Mishima
71%
20 188,512 Aichi Anjō
68%
34 128,147 Shizuoka Fujinomiya
68%
10 379,981 Aichi Ichinomiya
68%
37 114,989 Shizuoka Kakegawa
68%
19 189,611 Shizuoka Numazu
68%
42 106,292 Ishikawa Komatsu
65%
25 166,513 Toyama Takaoka
61%
39 110,497 Ishikawa Hakusan
58%
13 308,832 Aichi Kasugai
58%
26 158,342 Gifu Ōgaki
58%
27 154,155 Nagano Ueda
58%
32 136,891 Shizuoka Yaizu
58%
31 141,385 Shizuoka Fujieda
55%
24 166,744 Shizuoka Iwata
55%
30 144,619 Gifu Kakamigahara
55%
22 184,659 Aichi Toyokawa
55%
28 153,926 Aichi Kariya
52%
44 98,300 Nagano Saku
52%
35 127,869 Aichi Seto
52%
41 106,810 Gifu Tajimi
52%
36 117,925 Aichi Handa
48%
49 94,679 Niigata Sanjō
48%
46 98,206 Nagano Iida
45%
43 100,037 Gifu Kani
45%
47 95,759 Shizuoka Shimada
45%
48 94,976 Niigata Shibata
42%
33 134,738 Aichi Inazawa
39%
29 149,033 Aichi Komaki
39%
23 169,127 Aichi Nishio
39%
50 94,278 Nagano Azumino
35%
45 98,284 Aichi Kōnan
35%
38 113,838 Aichi Tōkai
32%
No matching quizzes found
Score Distribution
Percent of People with Each Score
Percentile by Number Answered
Your Score History
You have not taken this quiz